Microsoft .NET XML : (Record no. 35815)

MARC details
000 -LEADER
fixed length control field 00525nam a22001817a 4500
005 - DATE AND TIME OF LATEST TRANSACTION
control field 20240529140845.0
008 - FIXED-LENGTH DATA ELEMENTS--GENERAL INFORMATION
fixed length control field 240529b |||||||| |||| 00| 0 eng d
020 ## - INTERNATIONAL STANDARD BOOK NUMBER
ISBN 9780070533097
082 ## - DEWEY DECIMAL CLASSIFICATION NUMBER
Classification number 005.276
Item number FRE-M
100 ## - MAIN ENTRY--AUTHOR
Author Name Freeman, Adam
245 ## - TITLE STATEMENT
Title Microsoft .NET XML :
Remainder of title Web Services Step by Step /
Statement of responsibility, etc. Allen Jones
260 ## - PUBLICATION, DISTRIBUTION, ETC.
Place of Publication USA:
Name of publisher, distributor, etc. Tata McGraw-Hil;
Date of publication, distribution, etc. 2003.
300 ## - PHYSICAL DESCRIPTION
Pages 409 p. :
500 ## - GENERAL NOTE
General note Include index.
650 ## - SUBJECT ADDED ENTRY--TOPICAL TERM
Subject / Department computer science/ Web Operating System
700 ## - ADDED ENTRY--PERSONAL NAME
Personal name Allen Jones
300 ## - PHYSICAL DESCRIPTION
-- ill;
-- 24 cm.
952 ## - LOCATION AND ITEM INFORMATION (KOHA)
-- 0
-- 0
952 ## - LOCATION AND ITEM INFORMATION (KOHA)
-- 0
-- 0
952 ## - LOCATION AND ITEM INFORMATION (KOHA)
-- 0
-- 0
952 ## - LOCATION AND ITEM INFORMATION (KOHA)
-- 0
-- 0
Holdings
Lost status Damaged status Collection code Permanent Location Current Location Shelving Location Date acquired Full Call Number Accession No./Barcode Date last seen item type Koha item type
    CS/IT Superior Information Resource Center (SIRC) Superior University- Gold Campus Superior Information Resource Center (SIRC) Superior University- Gold Campus web operating system 05/29/2024 005.276 FRE-M 2003 17570 05/29/2024 BOOK BOOK
    CS/IT Superior Information Resource Center (SIRC) Superior University- Gold Campus Superior Information Resource Center (SIRC) Superior University- Gold Campus web operating system 05/29/2024 005.276 FRE-M 2003 17571 05/29/2024 BOOK BOOK
    CS/IT Superior Information Resource Center (SIRC) Superior University- Gold Campus Superior Information Resource Center (SIRC) Superior University- Gold Campus web operating system 05/29/2024 005.276 FRE-M 2003 17572 05/29/2024 BOOK BOOK
    CS/IT Superior Information Resource Center (SIRC) Superior University- Gold Campus Superior Information Resource Center (SIRC) Superior University- Gold Campus web operating system 05/29/2024 005.276 FRE-M 2003 17569 05/29/2024 BOOK BOOK

Powered by Koha